Tool and die Steel handbook
Uloženo v:
| Korporativní autor: | |
|---|---|
| Médium: | Kniha |
| Jazyk: | angličtina |
| Vydáno: |
Nueva York
Al Tech Specialty Steel Corporation
1984
|
| Vydání: | 1a. ed |
| Témata: | |
| Tagy: |
Přidat tag
Žádné tagy, Buďte první, kdo vytvoří štítek k tomuto záznamu!
|
MARC
| LEADER | 00000cam a2200000 a 4500 | ||
|---|---|---|---|
| 001 | UCC6805 | ||
| 003 | CL-VaPUC | ||
| 008 | 190111e19840000us |||||||||||||||||eng|d | ||
| 082 | 0 | 4 | |a 621.902 |b AL |2 21 |
| 110 | 2 | |a Al Tech Specialty Steel Corporation |e author |9 601314 | |
| 245 | 1 | 0 | |a Tool and die Steel handbook |
| 250 | |a 1a. ed | ||
| 300 | |a 147 p | ||
| 942 | |c BK | ||
| 945 | |d 20190111 14:04:00 |a dcastane | ||
| 260 | |a Nueva York |b Al Tech Specialty Steel Corporation |c 1984 | ||
| 650 | 7 | |a HERRAMIENTAS |2 CL-VaPUC |9 263987 | |
| 650 | 0 | |a Catálogos |9 256258 | |
| 650 | 0 | |a Resistencia de materiales |9 260095 | |
| 583 | |a last modification |c 20190111 14:04:00 |k Rodrigo Vera | ||
| 999 | |c 373655 |d 373653 | ||
| 952 | |0 0 |1 0 |3 erb |4 0 |6 621_902000000000000_AL_1984 |7 0 |8 A |9 491850 |a BIBING |b BIBING |i 5527015 |o 621.902 AL 1984 |p 5527015 |r 2025-01-20 |w 2019-11-24 |y BK |z Catalogado en:20190111 |k EIQ | ||